000 01125nam a2200229 a 4500
001 BRCA_2179
005 20190320203713.0
008 891130s1988####ja-a######---f000-0#jpn-#
041 _ajpnspa
044 _aja
050 4 _aHE859
_b.A54 1988
245 1 0 _aAkapuruko no k¯oekisen Gareon ten
_bNichi-Boku Sh¯uk¯o Ts¯ush¯o J¯oyaku teiketsu hyakush¯unen kinen = El Galeon de Acapulco
_c[hensh¯u Ch¯unichi Mekishiko Gassh¯ukoku Taishikan ; hensh¯u ky¯oryoku MOA Bijutsukan, Sendai-shi Hakubutsukan].
260 _a[Tokyo]
_bCh¯unichi Mekishiko Gassh¯ukoku Taishikan
_c1988
300 _a1 v. (sin paginación)
_bil. (algunas a color)
_c24 cm.
500 _aCatálogo de la exposición llevada a cabo en MOA Bijutsukan, 10-25 julio, 1988 y en Sendai-Shi Hakubutsukan, 13 agosto - 4 septiembre, 1988
500 _aIncluye piezas de la colección Franz Mayer: p. [12, 16, 18-23]
546 _aTexto en : japonés, descripción de láminas en español
650 1 4 _aArte mexicano
_vExposiciones
_96578
650 1 4 _aArte colonial
_vExposiciones
_zMéxico
_93637
740 0 _aEl Galeón de Acapulco
942 _2lcc
_cB
999 _c1935
_d1935